| 000 -LEADER |
| fixed length control field |
00852nam a2200253 a 4500 |
| 006 - FIXED-LENGTH DATA ELEMENTS--ADDITIONAL MATERIAL CHARACTERISTICS--GENERAL INFORMATION |
| fixed length control field |
a||||gr||||i00| 0 |
| 007 - PHYSICAL DESCRIPTION FIXED FIELD--GENERAL INFORMATION |
| fixed length control field |
ta |
| 008 - FIXED-LENGTH DATA ELEMENTS--GENERAL INFORMATION |
| fixed length control field |
190719s2020||||xxka|||grl|||i||| ||eng|d |
| 020 ## - INTERNATIONAL STANDARD BOOK NUMBER |
| International Standard Book Number |
9789280116861 |
| Terms of availability |
£ 49.00 |
| 040 ## - CATALOGING SOURCE |
| Original cataloging agency |
IMU Kochi Library |
| Language of cataloging |
eng |
| 041 0# - LANGUAGE CODE |
| Language code of text/sound track or separate title |
eng |
| 044 ## - COUNTRY OF PUBLISHING/PRODUCING ENTITY CODE |
| MARC country code |
United Kingdom |
| 082 04 - DEWEY DECIMAL CLASSIFICATION NUMBER |
| Classification number |
623.8245 |
| Item number |
In858 |
| Edition number |
23 |
| 110 2# - MAIN ENTRY--CORPORATE NAME |
| Corporate name or jurisdiction name as entry element |
International Maritime Organization |
| 245 10 - TITLE STATEMENT |
| Title |
2011 ESP Code : |
| Sub Title |
International Code on the Enhanced Programme of Inspections during Surveys of Bulk Carriers and Oil Tankers, 2011 / |
| 250 ## - EDITION STATEMENT |
| Edition statement |
4th ed., 2020 ed. |
| 260 ## - PUBLICATION, DISTRIBUTION, ETC. (IMPRINT) |
| Place of publication, distribution, etc |
London : |
| Name of publisher, distributor, etc |
International Maritime Organization, |
| Date of publication, distribution, etc |
2020 |
| 300 ## - PHYSICAL DESCRIPTION |
| Extent |
xv, 404 p. : |
| Other physical details |
ill. ; |
| Dimensions |
30 cm. |
| 650 ## - SUBJECT ADDED ENTRY--TOPICAL TERM |
| Topical term or geographic name as entry element |
Bulk carrier cargo ships |
| General subdivision |
Inspection |
| Form subdivision |
Handbooks, manuals, etc. |
| 852 ## - LOCATION/CALL NUMBER |
| Location |
IMU Kochi Library |
| 904 ## - LOCAL DATA ELEMENT D, LDD (RLIN) |
| CATALOGER |
Rudra Ranjan |
| 905 ## - LOCAL DATA ELEMENT E, LDE (RLIN) |
| VERIFIER |
Rudra Ranjan |
| 942 ## - ADDED ENTRY ELEMENTS (KOHA) |
| Item type |
Books |